3النبي صلى الله عليه وسلم في الفكر الغربي بين الإنصاف والإجحاف / (رقم التسجيلة. 125813)
[ عرض عادي ]
| 000 -LEADER | |
|---|---|
| fixed length control field | 00632nam a22001817a 4500 |
| 005 - DATE AND TIME OF LATEST TRANSACTION | |
| control field | 20251108175102.0 |
| 008 - FIXED-LENGTH DATA ELEMENTS--GENERAL INFORMATION | |
| fixed length control field | 250721s2012 xx 000 0 ara d |
| 082 14 - DEWEY DECIMAL CLASSIFICATION NUMBER | |
| Classification number | 218.61/زرم |
| 100 1# - MAIN ENTRY--PERSONAL NAME | |
| Personal name | زرمان، محمد |
| 245 10 - TITLE STATEMENT | |
| Title | 3النبي صلى الله عليه وسلم في الفكر الغربي بين الإنصاف والإجحاف / |
| 264 1# - PRODUCTION, PUBLICATION, DISTRIBUTION, MANUFACTURE, AND COPYRIGHT NOTICE | |
| Place of production, publication, distribution, manufacture | عمان : |
| Name of producer, publisher, distributor, manufacturer | دار الأعلام للنشر والتوزيع، |
| Date of production, publication, distribution, manufacture, or copyright notice | 2012. |
| 300 ## - PHYSICAL DESCRIPTION | |
| Extent | 116ص. |
| 650 17 - SUBJECT ADDED ENTRY--TOPICAL TERM | |
| Topical term or geographic name as entry element | دفع المطاعن عن الاسلام |
| 650 17 - SUBJECT ADDED ENTRY--TOPICAL TERM | |
| Topical term or geographic name as entry element | الانبياء |
| 650 17 - SUBJECT ADDED ENTRY--TOPICAL TERM | |
| Topical term or geographic name as entry element | السيرة النبوية |
| 942 ## - ADDED ENTRY ELEMENTS (KOHA) | |
| Source of classification or shelving scheme | Dewey Decimal Classification |
| Koha item type | كتب |
| حالة السحب | حالة الفقدان | مصدر التصنيف | حالة التلف | غير قابل للإعارة | المكتبة الرئيسية | المكتبة الحالية | موقع الرف | تاريخ التزويد | الرقم المتسلسل | Total Checkouts | رقم الإستدعاء | الباركود | تاريخ آخر ظهور | تاريخ الفاتورة | نوع المادة (كوها) |
|---|---|---|---|---|---|---|---|---|---|---|---|---|---|---|---|
| Dewey Decimal Classification | المكتبة المركزية | المكتبة المركزية | الإعارة | 28/07/2025 | 1534024 | 218.61/زرم | PLD00257274 | 28/07/2025 | 28/07/2025 | كتب | |||||
| Dewey Decimal Classification | المكتبة المركزية | المكتبة المركزية | مقتنيات قسم التزويد | 28/07/2025 | 1534025 | 218.61/زرم | 28/07/2025 | 28/07/2025 | كتب | ||||||
| Dewey Decimal Classification | مكتبة أبو علندا العامة | مكتبة أبو علندا العامة | الإعارة | 17/09/2012 | 1534026 | 218.61/زرم | PLD00257341 | 28/07/2025 | 17/09/2012 | كتب | |||||
| Dewey Decimal Classification | مكتبة أم قصير والمقابلين العامة | مكتبة أم قصير والمقابلين العامة | الإعارة | 17/09/2012 | 1534027 | 218.61/زرم | PLD00257342 | 28/07/2025 | 17/09/2012 | كتب | |||||
| Dewey Decimal Classification | مكتبة الاميرة بديعة | مكتبة الاميرة بديعة | الإعارة | 17/09/2012 | 1534028 | 218.61/زرم | PLD00257343 | 28/07/2025 | 17/09/2012 | كتب | |||||
| Dewey Decimal Classification | مكتبة الحسن العامة | مكتبة الحسن العامة | الإعارة | 17/09/2012 | 1534030 | 218.61/زرم | PLD00257345 | 28/07/2025 | 17/09/2012 | كتب | |||||
| Dewey Decimal Classification | مكتبة النصر العامة | مكتبة النصر العامة | الإعارة | 17/09/2012 | 1534033 | 218.61/زرم | PLD00257348 | 28/07/2025 | 17/09/2012 | كتب | |||||
| Dewey Decimal Classification | مكتبة صويلح العامة | مكتبة صويلح العامة | الإعارة | 17/09/2012 | 1534031 | 218.61/زرم | PLD00257346 | 28/07/2025 | 17/09/2012 | كتب | |||||
| Dewey Decimal Classification | مكتبة وادي السير العامة | مكتبة وادي السير العامة | الإعارة | 17/09/2012 | 1534032 | 218.61/زرم | PLD00257347 | 28/07/2025 | 17/09/2012 | كتب |